500 Suosituinta miesten nimeä Suomessa - Statistics

Yleistilastot
  • Tätä visaa on pelattu 1 141 kertaa
  • Keskiarvotulos 225 / 500
Vastaustilastot
Nimi % Oikein
Juha
89%
Jan
87%
Mika
86%
Joona
85%
Matti
85%
Mikko
85%
Aleksi
84%
John
82%
Nico
82%
Niko
82%
Pekka
82%
Juhani
81%
Lauri
81%
Samu
81%
Antti
80%
Jari
80%
Johan
80%
Mikael
80%
Ville
79%
Per
78%
Timo
78%
Sami
77%
Tom
77%
Heikki
76%
Jere
76%
Johannes
76%
Olli
76%
Onni
76%
Janne
75%
Kari
75%
Dan
74%
Daniel
74%
Eero
74%
Jaakko
74%
Kalle
74%
Mathias
74%
Matias
74%
Mattias
74%
Eemeli
73%
Elia
73%
Marcus
73%
Markus
73%
Eino
72%
Jonas
72%
Juho
72%
Oscar
72%
Oskar
72%
Seppo
72%
Tuomas
72%
Aaro
71%
Hannu
71%
Jani
71%
Joonas
71%
Markku
71%
Martti
71%
Ari
70%
Henri
70%
Henry
70%
Leevi
70%
Samuel
70%
Aapo
69%
Eemi
69%
Eemil
69%
Eetu
69%
Eljas
69%
Emil
69%
Leo
69%
Pertti
69%
Peter
69%
Petri
69%
Petter
69%
Elias
68%
Ilmari
68%
Jukka
68%
Kim
68%
Eeli
67%
Jussi
67%
Lasse
67%
Oskari
67%
Tommi
67%
Tommy
67%
Veli
67%
Esko
66%
Olavi
66%
Oliver
66%
Simo
66%
Veeti
66%
Antero
65%
Erkki
65%
Iiro
65%
Joni
65%
Niilo
65%
Teemu
65%
Tero
65%
Tomi
65%
Ben
64%
Lucas
64%
Lukas
64%
Luukas
64%
Risto
64%
Veikko
64%
Arttu
63%
Axel
63%
Jorma
63%
Juuso
63%
Lassi
63%
Miika
63%
Niclas
63%
Niklas
63%
Paavo
63%
Paul
63%
Petteri
63%
Roope
63%
Santeri
63%
Viljam
63%
Yrjö
63%
Aksel
62%
Casper
62%
Joonatan
62%
Kalevi
62%
Kasper
62%
Marko
62%
Ossi
62%
Otto
62%
Urho
62%
Ismo
61%
Jesse
61%
Miro
61%
Pasi
61%
Pentti
61%
Toni
61%
Tony
61%
Aki
60%
Benjamin
60%
Iivo
60%
Kimmo
60%
Reijo
60%
Samuli
60%
Sauli
60%
Alex
59%
Anton
59%
Antton
59%
Anttoni
59%
Hannes
59%
Harri
59%
Harry
59%
Henrik
59%
Jarmo
59%
Joel
59%
Luca
59%
Luka
59%
Pauli
59%
Sakari
59%
Tapio
59%
Valtteri
59%
Viljami
59%
Waltteri
59%
Aleksanteri
58%
Arto
58%
Elis
58%
Elmeri
58%
Jami
58%
Julius
58%
Mauno
58%
Miikka
58%
Riku
58%
Saku
58%
Tapani
58%
Toivo
58%
Topi
58%
Tuomo
58%
Väinö
58%
Vilho
58%
Viljo
58%
Akseli
57%
Aku
57%
Eerik
57%
Eerikki
57%
Eric
57%
Erik
57%
Jeremias
57%
Jimi
57%
Keijo
57%
Roni
57%
Vili
57%
Asko
56%
Esa
56%
Mico
56%
Rasmus
56%
Aaron
55%
Aatu
55%
Jonne
55%
Jooa
55%
Lenni
55%
Noa
55%
Noah
55%
Nooa
55%
Vesa
55%
Aatos
54%
Eelis
54%
Ilkka
54%
Jarkko
54%
Jouni
54%
Jyrki
54%
Kaarlo
54%
Kai
54%
Kaj
54%
Miko
54%
Jesper
53%
Otso
53%
Aarni
52%
Hugo
52%
Ilpo
52%
Jyri
52%
Kimi
52%
Mauri
52%
Noel
52%
Rami
52%
Reino
52%
Tuukka
52%
Arvo
51%
Ilari
51%
Jasper
51%
Justus
51%
Topias
51%
Vertti
51%
Christian
50%
Kristian
50%
Miska
50%
Oiva
50%
Raimo
50%
Tarmo
50%
Alvar
49%
Jarno
49%
Teppo
49%
Ukko
49%
Ali
48%
Herman
48%
Jiri
48%
Jori
48%
Juhana
48%
Kasperi
48%
Lari
48%
Aarne
47%
Aimo
47%
Artturi
47%
Elmo
47%
Iivari
47%
Kaarle
47%
Konsta
47%
Max
47%
Patrick
47%
Patrik
47%
Peetu
47%
Sampo
47%
Sebastian
47%
Taneli
47%
Tauno
47%
Tino
47%
Atte
46%
Hermanni
46%
Jouko
46%
Milo
46%
Perttu
46%
Santtu
46%
Sulo
46%
Verner
46%
Verneri
46%
Anssi
45%
Armas
45%
Erno
45%
Iisak
45%
Isak
45%
Jalmari
45%
Aarre
44%
Arvi
44%
Frans
44%
Kyösti
44%
Aapeli
43%
Alpo
43%
Gabriel
43%
Kalervo
43%
Severi
43%
Unto
43%
Felix
42%
Henrikki
42%
Pietari
42%
Taisto
42%
Veikka
42%
Heimo
41%
Iisakki
41%
Kaapo
41%
Kustaa
41%
Nicholas
41%
Nicolas
41%
Nikolas
41%
Nuutti
41%
Panu
41%
Teijo
41%
Tuure
41%
Veijo
41%
Alexander
40%
Aulis
40%
Einar
40%
Osmo
40%
Petrus
40%
Rauno
40%
Richard
40%
Rikhard
40%
Terho
40%
Uolevi
40%
Ahti
39%
Asser
39%
Carl
39%
Karl
39%
Manu
39%
Robert
39%
Joose
38%
Karri
38%
Kullervo
38%
Leon
38%
Nestori
38%
Reima
38%
Taavi
38%
Voitto
38%
Aamos
37%
Einari
37%
Paavali
37%
Tatu
37%
Visa
37%
Aarno
36%
Aleksis
36%
Erkka
36%
Iikka
36%
Oula
36%
Robin
36%
Touko
36%
Valto
36%
Vihtori
36%
Aukusti
35%
Ensio
35%
Hans
35%
Teuvo
35%
Thomas
35%
Tiitus
35%
Tomas
35%
Uljas
35%
Allan
34%
Auvo
34%
Jalo
34%
Okko
34%
Valdemar
34%
Waldemar
34%
Ilmo
33%
Paulus
33%
Pyry
33%
Timi
33%
Alvari
32%
Eevert
32%
Evert
32%
Joakim
32%
Kauko
32%
Tenho
32%
Anselmi
31%
Edvard
31%
Edward
31%
Sampsa
31%
Untamo
31%
Victor
31%
Viktor
31%
Albert
30%
Klaus
30%
Kosti
30%
Rauli
30%
Sasu
30%
Sisu
30%
Valo
30%
Alf
29%
Edvin
29%
Mohamed
29%
Mohammed
29%
Raine
29%
Aslak
28%
Wilhelm
28%
Aleksander
27%
David
27%
Linus
27%
Martin
27%
Rainer
27%
Venni
27%
Vilhelm
27%
Eliel
26%
Heino
26%
Jose
25%
Nikolai
25%
Ossian
25%
Taavetti
25%
Teo
25%
Urpo
25%
August
24%
Mio
24%
Niki
24%
Alfred
23%
Kaleva
23%
Sulevi
23%
Taito
23%
Adam
22%
Christoffer
22%
Christopher
22%
Kristoffer
22%
Niila
22%
Päiviö
22%
Rafael
22%
Väinämö
21%
Åke
20%
André
20%
Gustaf
20%
Gustav
20%
Juha-Matti
20%
Juha-Pekka
20%
Kevin
20%
Lars
20%
Simon
20%
Veli-Matti
20%
Ahmed
19%
Pellervo
19%
Veli-Pekka
19%
Andreas
18%
Ari-Pekka
18%
Jukka-Pekka
18%
Fredrik
17%
Lennart
17%
Leonard
17%
Salomon
17%
Vilhelmi
17%
Arvid
16%
Bo
16%
Jari-Pekka
16%
William
16%
Kenneth
15%
Rolf
15%
Anders
14%
Björn
14%
Christer
14%
Georg
14%
Krister
14%
Valentin
14%
Arthur
13%
Gunnar
13%
Jonatan
13%
Jonathan
13%
Mats
13%
Olli-Pekka
13%
Amos
12%
Bengt
12%
Jerry
12%
Maximilian
12%
Sven
12%
Göran
11%
Helge
11%
Kasimir
11%
Kaspian
11%
Liam
11%
Nils
11%
Ralf
11%
Tobias
11%
Valter
11%
Walter
11%
Albin
10%
Börje
10%
Elliot
10%
Filip
10%
Jan-Erik
10%
Jarl
10%
Jens
10%
Stefan
10%
Bror
9%
Harald
9%
Leif
9%
Manuel
9%
Michael
9%
Olof
9%
Rudolf
9%
Antonio
8%
Håkan
8%
Alarik
7%
James
7%
Stig
7%
Ulf
7%
Vincent
7%
Adrian
6%
Arne
6%
Birger
6%
Emanuel
6%
Otava
6%
Bernhard
5%
Kurt
5%
Magnus
5%
Roger
5%
Ingmar
3%
Ehtoja vastaavia visoja ei löytynyt
Tulosjakauma
Jokaisen tuloksen saaneiden osuus
Persentiili vastausten määrän mukaan
Tuloshistoriasi
Et ole pelannut tätä visaa